000 00718nam a2200217 a 4500
001 000040767
005 20201002034350.0
008 130906s2004 sp a 001 0 spa d
020 _a9788478290635
040 _aDO-SdBNP
_bspa
_cBNPHU
082 _axxxx
_bxxxx
100 1 _aAbel, Andrew B.
_967174
245 1 0 _aMacroeconomía. /
_cAndrew B. Abel, Ben S. Bernanke; traducción, Esther Rabasco, Luis Toharia.
250 _a4ta. ed.
260 _aMadrid, España :
_bPearson educación,
_c2004.
300 _a757 p. :
_bil. ;
_c25 cm.
500 _aIncluye datos biografícos de los autores
700 1 _aRabasco, Esther
_etrad.
_947802
700 1 _aToharia, Luis
_etrad.
_947803
700 1 _aBernanke, Ben S.
_967175
999 _c40257
_d40257